La chica invisible / (Registro nro. 4480)

Detalles MARC
000 -LEADER
fixed length control field 00848nam a2200229Ia 4500
003 - CONTROL NUMBER IDENTIFIER
control field OSt
005 - DATE AND TIME OF LATEST TRANSACTION
control field 20250521154846.0
008 - FIXED-LENGTH DATA ELEMENTS--GENERAL INFORMATION
fixed length control field 191128s2018 ck jr 000 f spa d
020 ## - INTERNATIONAL STANDARD BOOK NUMBER
International Standard Book Number 9789584267313
040 ## - CATALOGING SOURCE
Original cataloging agency CO-JMCR
Transcribing agency CO-JMCR
041 ## - LANGUAGE CODE
Language code of text/sound track or separate title spa
082 14 - DEWEY DECIMAL CLASSIFICATION NUMBER
Classification number J-N
Item number BLUc
100 1# - MAIN ENTRY--PERSONAL NAME
Personal name Blue Jeans,
Relator term autor
9 (RLIN) 6367
245 10 - TITLE STATEMENT
Title La chica invisible /
Statement of responsibility, etc. Blue Jeans
250 ## - EDITION STATEMENT
Edition statement Primera edición
260 ## - PUBLICATION, DISTRIBUTION, ETC.
Place of publication, distribution, etc. Bogotá :
Name of publisher, distributor, etc. Planeta,
Date of publication, distribution, etc. 2018
300 ## - PHYSICAL DESCRIPTION
Extent 542 páginas ;
Dimensions 23 cm.
500 ## - GENERAL NOTE
General note Incluye datos biográficos del autor
520 ## - SUMMARY, ETC.
Summary, etc. Aurora Ríos es invisible para casi todos. Los acontecimientos del pasado han hecho que se aísle del mundo y que apenas se relacione. A sus diecisiete años, no tien amigos y está harta de que los habitantes de aquel pueblo hablen a sus espaldas.
650 14 - SUBJECT ADDED ENTRY--TOPICAL TERM
Topical term or geographic name entry element Novela juvenil
9 (RLIN) 6368
942 ## - ADDED ENTRY ELEMENTS (KOHA)
Source of classification or shelving scheme Dewey Decimal Classification
Koha item type Books
Existencias
Withdrawn status Lost status Source of classification or shelving scheme Damaged status Not for loan Collection code Home library Current library Date acquired Source of acquisition Cost, normal purchase price Total Checkouts Total Renewals Full call number Barcode Date last seen Date last checked out Copy number Koha item type
    Dewey Decimal Classification     Fiction Biblioteca Pública José María del Castillo y Rada Biblioteca Pública José María del Castillo y Rada 11/28/2019 Donación 0.00 12 9 J-N BLUc 201809351 03/03/2026 03/03/2026 Ej.1 Books